Les rois de France - Mort Subite - Statistiques

Statistiques générales
  • Ce quiz a été pris 493 fois
  • Le résultat moyen est 3 sur 15
Answers on the Grid
Answers color-coded by a green-red scale on the quiz's grid according to % correct below.
Louis XIV
Edouard III
Henri de Guise
Louis XII
Robert Ier
Napoléon Ier
François II
Clovis
Henri III
Henri II
Louis XIII
Thibaud IV
Richard III
Charles X
Napoléon III
Philippe IV
Philippe V
Louis X
Charles VI
Guillaume IV
Louis IV d'Outremer
Louis VII
Albert Ier
Philippe II
Charlemagne
Louis XV
Philippe d'Orléans
Henri IV
Jean II
Henri VI
 
Statistiques - réponses
Réponse % Correct
Louis XIV
94%
Louis XII
59%
Henri II
28%
François II
25%
Charles VI
22%
Philippe IV
18%
Louis XIII
17%
Henri III
12%
Henri IV
12%
Charles X
11%
Louis XV
10%
Louis X
8%
Philippe V
3%
Jean II
2%
Philippe II
2%
Aucun quiz correspondant
Distribution des résultats
% des personnes avec chaque résultat
Percentile par nombre de réponses
Votre historique - résultats
Vous n’avez pas pris ce quiz